000
00311pam a2200121a 44500
008
230405s1987 xxu||||| |||| 00| 0 eng d
041
_a
ENG
100
_a
HAMILTON R
245
_a
THIN LAYER CHROMATOGRAPHY ( HAMILTON)
260
_a
NEW YORK
_b
JOHN WILLY & SONS NEW YORK
_c
1987
300
_a
129
906
_a
4740
999
_c
280011
_d
280011